O víle Amálce /
Uloženo v:
| Hlavní autor: | |
|---|---|
| Další autoři: | , , |
| Médium: | E-audiokniha |
| Jazyk: | Czech |
| Vydáno: |
Praha :
Supraphon,
[2002]
|
| Témata: | |
| Tagy: |
Žádné tagy |
| LEADER | 02618nim a2200577 i 4500 | ||
|---|---|---|---|
| 001 | 313246 | ||
| 003 | CZ PrSKC | ||
| 005 | 20260601215738.0 | ||
| 007 | sd fungnnmmned | ||
| 008 | 160803p20021983xr nnnnb fh n cze d | ||
| 024 | 1 | |a 099925540425 | |
| 024 | 3 | |a 0999255404254 | |
| 028 | 0 | 2 | |a SU 5404-2 811 |b Supraphon |q (disk) |
| 028 | 0 | 2 | |a SU 5404-2 |b Supraphon |q (pouzdro) |
| 040 | |a CBA001 |b cze |e rda | ||
| 072 | 7 | |a 821.162.3-3 |x Česká próza |2 Konspekt | |
| 072 | 7 | |a 821-93 |x Literatura pro děti a mládež (beletrie) |2 Konspekt | |
| 080 | |a 821.162.3-34 |2 MRF | ||
| 080 | |a (086.7.053.2) |2 MRF | ||
| 080 | |a (086.76) |2 MRF | ||
| 100 | 1 | |a Čtvrtek, Václav, |d 1911-1976 |7 jk01021929 |4 aut | |
| 245 | 1 | 0 | |a O víle Amálce / |c Václav Čtvrtek |
| 264 | 1 | |a Praha : |b Supraphon, |c [2002] | |
| 264 | 4 | |c ©2002 | |
| 300 | |a 1 CD audio (78:11) ; |c 12 cm + |e 1 příloha | ||
| 306 | |a 011811 | ||
| 336 | |a mluvené slovo |b spw |2 rdacontent | ||
| 337 | |a audio |b s |2 rdamedia | ||
| 338 | |a audiodisk |b sd |2 rdacarrier | ||
| 344 | |a digital |2 rda | ||
| 347 | |a audio soubor |b CD audio |2 rda | ||
| 500 | |a Fonogram ℗1984 Supraphon a.s. | ||
| 500 | |a Název z disku | ||
| 505 | 0 | |a Jak víla Amálka nechala stát myslivce Mušku v lese -- Jak potkala beránka Kudrnu -- Jak našla kámen mutáček -- Jak seděla v zelené klícce -- Jak pomáhala ježčí tlapce -- Jak zatančila králi -- Jak obrátila potok -- Jak si řekla mlynáři o čepici -- Jak přetancovala obra Hrompace -- Jak se udělala ptáčkem -- Jak vyléčila obra a Ohniváče -- Jak si kutálela s oříšky -- Jak odešla spát až do jara | |
| 508 | |a Režie Tomáš Vondrovic ; hudba Václav Hálek | ||
| 511 | 0 | |a Vypráví Eduard Cupák | |
| 518 | |a Nahráno v září 1983 ve studiu Supraphon - Lucerna | ||
| 650 | 0 | 4 | |a mluvené slovo |
| 653 | 0 | |a večerníčky | |
| 655 | 7 | |a české pohádky |7 fd133970 |2 czenas | |
| 655 | 7 | |a zvukové záznamy pro děti a mládež |7 fd186726 |2 czenas | |
| 655 | 7 | |a kompaktní disky |7 fd201991 |2 czenas | |
| 655 | 7 | |a audioknihy |7 fd119452 |2 czenas | |
| 700 | 1 | |a Vondrovic, Tomáš, |d 1948- |7 jk01150619 |4 drt | |
| 700 | 1 | |a Cupák, Eduard, |d 1932-1996 |7 jn99240000141 |4 prf | |
| 700 | 1 | |a Hálek, Václav, |d 1937-2014 |7 jn20011018179 |4 cmp | |
| 900 | |a CBA001 |b 17 | ||
| 044 | |a xr | ||
| 910 | |a RBIT002 | ||
| 998 | |d 401278 |a https://core.palmknihy.cz/api/books/401278/cover?sap0nw |b https://core.palmknihy.cz/api/books/401278/cover/400?sap0nw |c https://core.palmknihy.cz/api/books/401278/cover/50?sap0nw |e 2099-01-01 |i 099925540425 |l 4689 |q 49 |r 1 |s https://www.palmknihy.cz/kniha/401278 |t audiobook |y 1984 |z 0 | ||
| 999 | |d 313244 | ||